000 00565cam a2200181 a 4500
020 _a0072558202 (hard copy : alk. paper)
040 _cDLC
082 0 0 _a540 MCG 2006 A035 Or.
100 1 _aSilberberg, Martin S.
245 1 0 _aChemistry :
_bthe molecular nature of matter and change /
250 _a4th ed.
260 _aBoston :
_bMcGraw-Hill,
_cc2006.
300 _a1 v. (various pagings) :
_bill. (some col.) ;
_c28 cm.
500 _aIncludes index.
650 0 _aChemistry.
856 4 1 _uhttp://www.loc.gov/catdir/toc/ecip0421/2004018874.html
942 _cEK
999 _c12665
_d12665